ნორმალური ფორმატი
MARC ფორმატი
ჩანაწერი Personal Name
ჩანაწერთა რაოდენობა, რომელიც გამოყენებულია: 1
001 - CONTROL NUMBER
- control field: 18756
003 - CONTROL NUMBER IDENTIFIER
- control field: GE_BSU
005 - DATE AND TIME OF LATEST TRANSACTION
- control field: 20230616111422.0
008 - FIXED-LENGTH DATA ELEMENTS
- fixed length control field: 230616|| aca||aabn | a|a d
040 ## - CATALOGING SOURCE
- Original cataloging agency: GE_BSU
- Transcribing agency: GE_BSU
100 ## - HEADING--PERSONAL NAME
- Personal name: თოფჩიშვილი, რ. (როლანდ)
670 ## - SOURCE DATA FOUND
- Source citation: Work cat.: (GE_BSU): თოფჩიშვილი, რ. (როლანდ), ქართველთა კვებითი კულტურის ისტორიიდან: სულუგუნი = From the history of Georgians' eating culture - Suluguni = Из истории культуры питания грузин: сулугуни /
